00660nam a22002177i 4500003000900000005001700009007000300026008004100029020001800070040003000088041000800118082001800126100002600144111004400170245006800214264005300282300001900335336002700354337003300381338002800414DO-SdBNP20250414141929.0ta250414b2024 |||||||| |||| 00| 0 eng d a9789945651379 aDO-SdBNPbspacBNPHUerda hspa axxxbC7482221 aDurá, Carmeneautor aCoferencia María Trinidad Sánchez, 0 aTrayectoria Heroica de uan Dominicana insigne /cCarmen Durán aSanto Domingo :bTribunal Constitucional,c2024. a25 páginas : ardacontentbtexto2txt ardamediabsin mediación2n ardacarrierbvolumen2nc